|
|
|
|
| LEADER |
00000nab a2200000 a 4500 |
| 001 |
vtls000536600 |
| 003 |
SK-MaSNL |
| 005 |
20260304170955.0 |
| 008 |
220422c1993 xo 0 slo |
| 015 |
|
|
|a SNBRA19rr/mm-uuuuu
|
| 035 |
|
|
|a CL0536738
|
| 040 |
|
|
|a SNKBUCL
|b slo
|c SNKBUCL
|e AACR2
|
| 041 |
0 |
|
|a slo
|
| 044 |
|
|
|a xo
|c SK
|
| 080 |
|
|
|a 616.99-097
|2 1981
|
| 245 |
0 |
0 |
|a Prítomnosť toxoplazmových protilátok u osôb staršieho veku ; Aut. Helena Prokopčáková, Tatiana Takáčová, Lýdia Čisláková, Marián Palinský
|
| 300 |
|
|
|b Tab. 2, res. angl., slov., lit. 22 zázn. v angl., češ., ruš., slov.
|
| 650 |
0 |
7 |
|a toxoplazmóza
|2 snkbucl
|9 15299
|
| 650 |
0 |
7 |
|a protilátky toxoplazmové
|2 snkbucl
|9 1499012
|
| 650 |
0 |
7 |
|a seniori
|2 snkbucl
|9 117453
|
| 655 |
|
7 |
|a články zo zborníkov
|2 snkbucl
|9 166140
|
| 700 |
1 |
|
|a Prokopčáková, Helena,
|d 1938-
|4 aut
|9 38709
|
| 700 |
1 |
|
|a Takáčová, Tatiana
|4 aut
|9 529507
|
| 700 |
1 |
|
|a Čisláková, Lýdia,
|d 1947-
|4 aut
|9 98134
|
| 700 |
1 |
|
|a Palinský, Marián
|4 aut
|9 986644
|
| 773 |
0 |
|
|t Folia Facultatis medicae Universitatis Šafarikianae Cassoviensis 50
|d Martin : Osveta, 1993
|g S. 303-307
|z 8021705132
|
| 850 |
|
|
|a Slovenská národná knižnica v Martine
|a MTA001
|
| 852 |
|
|
|a SNK
|b KIS3GCP
|
| 958 |
|
|
|a NB
|
| 958 |
|
|
|a RK
|
| 958 |
|
|
|a ME
|
| 992 |
|
|
|a RZB
|
| 999 |
|
|
|c 2990913
|d 2992843
|